Statistics for Countries with Most Flag of Convenience Ship Registrations

Click here to take the quiz!

General Stats

  • This quiz has been taken 31 times
  • The average score is 5 of 10

Answer Stats

# of shipsCountry of registry% Correct
6413Panama
93%
1160Bahamas
66%
1650Malta
59%
838Cyprus
55%
2771Liberia
55%
1593Marshall Islands
34%
412Saint Vincent and the Grenadines
34%
427Germany
31%
1257Antigua and Barbuda
28%
545Cambodia
7%

Score Distribution

Percentile by Number Answered

Percent of People with Each Score

Your Score History

You have not taken this quiz